00511nam a2200133Ia 4500008004100000100002000041245009000061260003900151300001200190650001500202856006800217999001900285952007300304160712s9999 xx 000 0 und d aBarte, Rhenozo. cRhenozo BarteaFinancial Literacy in Micro-Enterprises: The Case of Cebu Fish Vendors c2012bPhilippine Management Review avol. 19 xMANAGEMENT uhttp://journals.upd.edu.ph/index.php/pmr/issue/view/306/showToc c297449d297449 001040aCLbCLd2016-07-12l0r2016-07-12 00:00:00w2016-07-12yFEJ